| 000 | 00424nam a22001697a 4500 | ||
|---|---|---|---|
| 005 | 20170909123059.0 | ||
| 008 | 170620b xxu||||| |||| 00| 0 eng d | ||
| 020 | _a978-93-85998-45-4 | ||
| 041 | _aeng | ||
| 082 | _a630 | ||
| 100 |
_aFASELLA, PAOLO AND HUSSAIN ANWAR _93867 |
||
| 245 | _aPLANT BIOTECHNOLOGY | ||
| 250 | _a2nd | ||
| 260 | _bMEDTECH , A Division of scientific international | ||
| 300 | _a503 | ||
| 942 | _cBK | ||
| 999 |
_c5476 _d5474 |
||